00377nam a22001337a 4500999001900000008004100019020001800060082001700078100002500095245002300120250001300143260007600156300001100232 c424877d424877191212b ||||| |||| 00| 0 eng d a9789352139279 a597.967bGUI aGuido Van Rossum912 aAN Intr. to Python a2019 Ed. aSPD Ltd. Sanpada Navi MumbaibSPD Ltd. Sanpada Navi Mumbaic09+/12/2019 aPB/141